000 00533nmm a2200169Ia 4500
008 251105s9999||||xx |||||||||||||||||und||
020 _a9788446053309
041 _aspa
100 _aLeira Castiñeira, Francisco J.
245 0 _aEl pacifismo en España desde 1808 hasta el «No a la Guerra» de Iraq
264 _a[Madrid, España] :
_bAkal,
_c2023
300 _a608 páginas
490 _aPensamiento crítico
650 _aHistory of Europe: Spain
856 _uhttps://public.digitaliapublishing.com/a/128739
942 _cCF
999 _c83297
_d83297